000
00222 a2200097 4500
001
30131
100
_a
Yusuf, S M
245
_a
Modern Algebra & Trigonometry
260
_a
Lahore
_b
Pak Book Store
_c
090
_c
20081
_d
20081
942
_a
NUST-CAE
_c
M
_c
11205
999
_c
265204
_d
265204